التكتلات الاقتصادية في عصر العولمة / (Record no. 14228)
[ view plain ]
| 000 -الفاتح | |
|---|---|
| حقل البيانات ثابتة الطول | 00953nam a22002057a 4500 |
| 008 - عناصر البيانات ثابتة الطول - معلومات عامة | |
| حقل البيانات ثابتة الطول | 100627s2004 ua|||||r|||| 000 0 ara d |
| 082 ## - رقم تصنيف ديوى العشرى | |
| رقم الطبعة | 22 |
| رقم التصنيف | 338.88 |
| رقم المادة | س ت ي |
| 100 ## - المدخل الرئيسى - إسم شخصى | |
| 9 (RLIN) | 15256 |
| الإسم الشخصى | أبو ستيت، فؤاد |
| 245 ## - بيان العنوان | |
| العنوان | التكتلات الاقتصادية في عصر العولمة / |
| بيان المسئوليه,etc | فؤاد أبو ستيت |
| 260 ## - PUBLICATION, DISTRIBUTION, ETC. (IMPRINT) | |
| مكان الناشر او الموزع | القاهرة : |
| اسم الناشر او الموزع | الدار المصرية اللبنانية ، [2004] |
| تاريخ النشر أو التوزيع | [2004] |
| 300 ## - الوصف المادى | |
| التعداد | 245 ص ؛ |
| أبعاد الوعاء | 24 سم |
| 504 ## - تبصرة ببليوجرافية | |
| تبصرة ببليوجرافية,الخ | ببليوجرافية: ص 235-245 |
| 650 ## - المدخل الاضافى بالموضوع-مصطلح موضوعى | |
| 9 (RLIN) | 15258 |
| مصطلح موضوعي أو اسم جغرافي كعنصر مدخل | التكتلات الاقتصادية |
| 650 ## - المدخل الاضافى بالموضوع-مصطلح موضوعى | |
| 9 (RLIN) | 14505 |
| مصطلح موضوعي أو اسم جغرافي كعنصر مدخل | الاقتصاد الدولي |
| 650 ## - المدخل الاضافى بالموضوع-مصطلح موضوعى | |
| 9 (RLIN) | 15261 |
| مصطلح موضوعي أو اسم جغرافي كعنصر مدخل | السوق العربية المشتركة |
| 650 ## - المدخل الاضافى بالموضوع-مصطلح موضوعى | |
| 9 (RLIN) | 8057 |
| مصطلح موضوعي أو اسم جغرافي كعنصر مدخل | العولمة |
| 650 ## - المدخل الاضافى بالموضوع-مصطلح موضوعى | |
| 9 (RLIN) | 15262 |
| مصطلح موضوعي أو اسم جغرافي كعنصر مدخل | الشركات |
| التقسيم الفرعي العام | تكتل |
| 942 ## - عناصر المدخل الإضافي( كوها) | |
| مصدر التصنيف او مخطط الترفيف | Dewey Decimal Classification |
| Koha [default] item type | Book - Borrowing |
| حالة التراجع | حالة الفقد | مصدر التصنيف او خطة الترفيف | حالة تلف | ليس للاعارة | مجموعات كوها | المكان الدائم | المكان الحالي | موقع الترفيف | تاريخ الاكتساب | Source of acquisition | رقم الاستدعاء | الباركود | Date last seen | مُعار | نوع الوعاء |
|---|---|---|---|---|---|---|---|---|---|---|---|---|---|---|---|
| Dewey Decimal Classification | Central Library | Central Library | First floor | 27/06/2010 | Donation | 338.88 أبو | 000021216 | 15/07/2025 | 27/09/2017 | Book - Borrowing |